| 000 | 00862nam a22002297a 4500 | ||
|---|---|---|---|
| 999 |
_c4355 _d4355 |
||
| 003 | AR-CdUCM | ||
| 008 | 190308b ||||| |||| 00| 0 spa d | ||
| 040 |
_aMUNICIPALIDAD PROVINCIAL DEL CUSCO _cBIBLIOTECA MUNICIPAL DEL CUSCO |
||
| 082 |
_a709 / _bF28 |
||
| 100 |
_aFaure, Elie _913753 |
||
| 245 |
_aHistoria del Arte : _bEl Renacimiento / |
||
| 260 |
_aBuenos Aires : _bPoseidon ; _c1944. |
||
| 300 |
_a957 páginas ; _bFotografías, cuadros _c24cm |
||
| 505 | _aContenido :t.2 Las Indias -- China -- Japón -- Los Trópicos -- Bizancio... t.3 Florencia -- Roma y la escuela -- Venecia -- El ciclo Francoflamenco... | ||
| 650 |
_aHistoria del arte _91647 |
||
| 650 |
_aArte medieval _913754 |
||
| 650 |
_aArte románico _913755 |
||
| 650 |
_aArquitectura _93356 |
||
| 700 |
_aNelken, Margarita (traducción) _95281 |
||
| 942 |
_2ddc _cLIBROS |
||
| 945 | _anom | ||